<?xml version="1.0" encoding="UTF-8"?>
<record
    xmlns:xsi="http://www.w3.org/2001/XMLSchema-instance"
    xsi:schemaLocation="http://www.loc.gov/MARC21/slim http://www.loc.gov/standards/marcxml/schema/MARC21slim.xsd"
    xmlns="http://www.loc.gov/MARC21/slim">

  <leader>02213nam a22003377a 4500</leader>
  <controlfield tag="003">NALT</controlfield>
  <controlfield tag="005">20211214125139.0</controlfield>
  <controlfield tag="008">180202b        th ||||| |||| 00| 0 tha d</controlfield>
  <datafield tag="020" ind1=" " ind2=" ">
    <subfield code="a">9786168067116</subfield>
  </datafield>
  <datafield tag="040" ind1=" " ind2=" ">
    <subfield code="a">NALT</subfield>
  </datafield>
  <datafield tag="050" ind1=" " ind2=" ">
    <subfield code="a">HF 1416.6.A785 </subfield>
    <subfield code="b">&#xE0A;198&#xE01; 2561      </subfield>
  </datafield>
  <datafield tag="100" ind1="0" ind2=" ">
    <subfield code="a">&#xE0A;&#xE42;&#xE22;&#xE14;&#xE21; &#xE2A;&#xE23;&#xE23;&#xE1E;&#xE28;&#xE23;&#xE35;</subfield>
    <subfield code="9">19722</subfield>
  </datafield>
  <datafield tag="245" ind1="1" ind2="0">
    <subfield code="a">&#xE01;&#xE32;&#xE23;&#xE1B;&#xE23;&#xE30;&#xE40;&#xE21;&#xE34;&#xE19;&#xE1C;&#xE25;&#xE01;&#xE23;&#xE30;&#xE17;&#xE1A;&#xE02;&#xE2D;&#xE07;&#xE19;&#xE42;&#xE22;&#xE1A;&#xE32;&#xE22;&#xE01;&#xE32;&#xE23;&#xE04;&#xE49;&#xE32;&#xE23;&#xE30;&#xE2B;&#xE27;&#xE48;&#xE32;&#xE07;&#xE1B;&#xE23;&#xE30;&#xE40;&#xE17;&#xE28;&#xE40;&#xE1E;&#xE37;&#xE48;&#xE2D;&#xE25;&#xE14;&#xE04;&#xE27;&#xE32;&#xE21;&#xE40;&#xE2B;&#xE25;&#xE37;&#xE48;&#xE2D;&#xE21;&#xE25;&#xE49;&#xE33;&#xE41;&#xE25;&#xE30;&#xE01;&#xE32;&#xE23;&#xE40;&#xE15;&#xE34;&#xE1A;&#xE42;&#xE15;&#xE2D;&#xE22;&#xE48;&#xE32;&#xE07;&#xE2A;&#xE21;&#xE14;&#xE38;&#xE25;&#xE02;&#xE2D;&#xE07;&#xE1B;&#xE23;&#xE30;&#xE40;&#xE17;&#xE28;&#xE2A;&#xE21;&#xE32;&#xE0A;&#xE34;&#xE01;&#xE2D;&#xE19;&#xE38;&#xE20;&#xE39;&#xE21;&#xE34;&#xE20;&#xE32;&#xE04;&#xE25;&#xE38;&#xE48;&#xE21;&#xE41;&#xE21;&#xE48;&#xE19;&#xE49;&#xE33;&#xE42;&#xE02;&#xE07; /</subfield>
    <subfield code="c">&#xE0A;&#xE42;&#xE22;&#xE14;&#xE21; &#xE2A;&#xE23;&#xE23;&#xE1E;&#xE28;&#xE23;&#xE35;.</subfield>
  </datafield>
  <datafield tag="260" ind1=" " ind2=" ">
    <subfield code="a">&#xE01;&#xE23;&#xE38;&#xE07;&#xE40;&#xE17;&#xE1E;&#xE2F; :</subfield>
    <subfield code="b">&#xE2A;&#xE16;&#xE32;&#xE1A;&#xE31;&#xE19;&#xE23;&#xE30;&#xE2B;&#xE27;&#xE48;&#xE32;&#xE07;&#xE1B;&#xE23;&#xE30;&#xE40;&#xE17;&#xE28;&#xE40;&#xE1E;&#xE37;&#xE48;&#xE2D;&#xE01;&#xE32;&#xE23;&#xE04;&#xE49;&#xE32;&#xE41;&#xE25;&#xE30;&#xE01;&#xE32;&#xE23;&#xE1E;&#xE31;&#xE12;&#xE19;&#xE32; (&#xE2D;&#xE07;&#xE04;&#xE4C;&#xE01;&#xE32;&#xE23;&#xE21;&#xE2B;&#xE32;&#xE0A;&#xE19;),</subfield>
    <subfield code="c">2561.</subfield>
  </datafield>
  <datafield tag="300" ind1=" " ind2=" ">
    <subfield code="a">633 &#xE2B;&#xE19;&#xE49;&#xE32; :</subfield>
    <subfield code="b">&#xE20;&#xE32;&#xE1E;&#xE1B;&#xE23;&#xE30;&#xE01;&#xE2D;&#xE1A;, &#xE41;&#xE1C;&#xE19;&#xE20;&#xE39;&#xE21;&#xE34;, &#xE15;&#xE32;&#xE23;&#xE32;&#xE07; ;</subfield>
    <subfield code="c">24 &#xE0B;&#xE21;.</subfield>
  </datafield>
  <datafield tag="650" ind1=" " ind2="4">
    <subfield code="a">&#xE01;&#xE32;&#xE23;&#xE04;&#xE49;&#xE32;&#xE23;&#xE30;&#xE2B;&#xE27;&#xE48;&#xE32;&#xE07;&#xE1B;&#xE23;&#xE30;&#xE40;&#xE17;&#xE28;</subfield>
    <subfield code="9">9659</subfield>
  </datafield>
  <datafield tag="650" ind1=" " ind2="4">
    <subfield code="a">&#xE01;&#xE32;&#xE23;&#xE04;&#xE49;&#xE32;&#xE23;&#xE30;&#xE2B;&#xE27;&#xE48;&#xE32;&#xE07;&#xE1B;&#xE23;&#xE30;&#xE40;&#xE17;&#xE28;</subfield>
    <subfield code="z">&#xE25;&#xE38;&#xE48;&#xE21;&#xE19;&#xE49;&#xE33;&#xE42;&#xE02;&#xE07;</subfield>
    <subfield code="x">&#xE25;&#xE38;&#xE48;&#xE21;&#xE19;&#xE49;&#xE33;&#xE42;&#xE02;&#xE07;</subfield>
    <subfield code="9">25692</subfield>
  </datafield>
  <datafield tag="650" ind1=" " ind2="4">
    <subfield code="a">&#xE01;&#xE32;&#xE23;&#xE04;&#xE49;&#xE32;&#xE23;&#xE30;&#xE2B;&#xE27;&#xE48;&#xE32;&#xE07;&#xE1B;&#xE23;&#xE30;&#xE40;&#xE17;&#xE28;</subfield>
    <subfield code="z">&#xE40;&#xE2D;&#xE40;&#xE0A;&#xE35;&#xE22;&#xE15;&#xE30;&#xE27;&#xE31;&#xE19;&#xE2D;&#xE2D;&#xE01;&#xE40;&#xE09;&#xE35;&#xE22;&#xE07;&#xE43;&#xE15;&#xE49; </subfield>
    <subfield code="9">25694</subfield>
  </datafield>
  <datafield tag="651" ind1=" " ind2="4">
    <subfield code="9">25442</subfield>
    <subfield code="a">&#xE01;&#xE31;&#xE21;&#xE1E;&#xE39;&#xE0A;&#xE32; </subfield>
    <subfield code="x">&#xE23;&#xE27;&#xE21;&#xE40;&#xE23;&#xE37;&#xE48;&#xE2D;&#xE07;</subfield>
  </datafield>
  <datafield tag="651" ind1=" " ind2="4">
    <subfield code="9">25418</subfield>
    <subfield code="a">&#xE25;&#xE32;&#xE27; </subfield>
    <subfield code="x">&#xE23;&#xE27;&#xE21;&#xE40;&#xE23;&#xE37;&#xE48;&#xE2D;&#xE07;</subfield>
  </datafield>
  <datafield tag="651" ind1=" " ind2="4">
    <subfield code="9">25693</subfield>
    <subfield code="a">&#xE2A;&#xE2B;&#xE20;&#xE32;&#xE1E;&#xE40;&#xE19;&#xE35;&#xE22;&#xE19;&#xE21;&#xE32;</subfield>
    <subfield code="x">&#xE23;&#xE27;&#xE21;&#xE40;&#xE23;&#xE37;&#xE48;&#xE2D;&#xE07;</subfield>
  </datafield>
  <datafield tag="651" ind1=" " ind2="4">
    <subfield code="9">25441</subfield>
    <subfield code="a">&#xE40;&#xE27;&#xE35;&#xE22;&#xE14;&#xE19;&#xE32;&#xE21; </subfield>
    <subfield code="x">&#xE23;&#xE27;&#xE21;&#xE40;&#xE23;&#xE37;&#xE48;&#xE2D;&#xE07;</subfield>
  </datafield>
  <datafield tag="700" ind1="0" ind2=" ">
    <subfield code="a">&#xE1B;&#xE34;&#xE15;&#xE34; &#xE28;&#xE23;&#xE35;&#xE41;&#xE2A;&#xE07;&#xE19;&#xE32;&#xE21;</subfield>
    <subfield code="9">25688</subfield>
  </datafield>
  <datafield tag="700" ind1="0" ind2=" ">
    <subfield code="9">25689</subfield>
    <subfield code="a">&#xE27;&#xE23;&#xE1B;&#xE23;&#xE30;&#xE20;&#xE32; &#xE19;&#xE32;&#xE04;&#xE27;&#xE31;&#xE0A;&#xE23;&#xE30;</subfield>
  </datafield>
  <datafield tag="700" ind1="0" ind2=" ">
    <subfield code="9">25690</subfield>
    <subfield code="a">&#xE14;&#xE27;&#xE07;&#xE14;&#xE32;&#xE27; &#xE21;&#xE2B;&#xE32;&#xE01;&#xE34;&#xE08;&#xE28;&#xE34;&#xE23;&#xE34;</subfield>
  </datafield>
  <datafield tag="700" ind1="0" ind2=" ">
    <subfield code="9">25691</subfield>
    <subfield code="a">&#xE2A;&#xE38;&#xE18;&#xE32;&#xE14;&#xE25; &#xE19;&#xE32;&#xE04;&#xE27;&#xE34;&#xE42;&#xE23;&#xE08;&#xE19;&#xE4C;</subfield>
  </datafield>
  <datafield tag="850" ind1=" " ind2=" ">
    <subfield code="a">NALT</subfield>
  </datafield>
  <datafield tag="942" ind1=" " ind2=" ">
    <subfield code="c">RSH</subfield>
    <subfield code="2">lcc</subfield>
  </datafield>
  <datafield tag="998" ind1=" " ind2=" ">
    <subfield code="a">bijaya</subfield>
    <subfield code="b">phon</subfield>
    <subfield code="c">phon</subfield>
    <subfield code="j">104</subfield>
    <subfield code="k"> &#xE2A;&#xE32;&#xE22;&#xE1D;&#xE19; &#xE14;&#xE35;&#xE07;&#xE32;&#xE21;</subfield>
  </datafield>
  <datafield tag="999" ind1=" " ind2=" ">
    <subfield code="c">94164</subfield>
    <subfield code="d">94164</subfield>
  </datafield>
  <datafield tag="952" ind1=" " ind2=" ">
    <subfield code="0">0</subfield>
    <subfield code="1">0</subfield>
    <subfield code="2">lcc</subfield>
    <subfield code="4">0</subfield>
    <subfield code="7">0</subfield>
    <subfield code="8">CRSH</subfield>
    <subfield code="a">NALT</subfield>
    <subfield code="b">NALT</subfield>
    <subfield code="d">2018-02-02</subfield>
    <subfield code="l">1</subfield>
    <subfield code="o">&#xE27; HF 1416.6.A785 &#xE0A;198&#xE01; 2561</subfield>
    <subfield code="p">3961207724</subfield>
    <subfield code="r">2021-11-11 00:00:00</subfield>
    <subfield code="s">2021-11-08</subfield>
    <subfield code="w">2018-02-02</subfield>
    <subfield code="y">RSH</subfield>
  </datafield>
</record>
